000 00796nam a22002177a 4500
005 20100802123748.0
010 _aENG-97690
020 _a9788128823879
_c95.00
035 _aEN-81223
037 _bDBAD/PUB
082 _a529.32978427
100 _aSharma, Ashok K.
_94072
245 _a2012 Universal doom or new age /
_cby Ashok K. Sharma
246 _aTwo thousand twelve
260 _aNew Delhi
_bDiamond Pocket Books
_c2010
270 _aX-30, Okhla Industrial Area, Phase-II
_bNew Delhi
_e110020
300 _a172p.
_c22cm (pbk)
500 _aIncludes bibliographical references
942 _2ddc
_cEN
_h529.32978427
_mSHA
999 _c38612
_d38612